Countries Van Halen has Visited - Statistics

General Stats
  • This quiz has been taken 85 times
  • The average score is 19 of 23
Answer Stats
Continent Country % Correct
South America Brazil
97%
North America Canada
97%
Europe Germany
97%
Oceania Australia
96%
North America United States of America
96%
South America Argentina
92%
Europe Italy
92%
Asia Japan
92%
Europe United Kingdom
92%
North America Mexico
90%
Europe France
89%
Europe Spain
88%
Oceania New Zealand
86%
Europe Belgium
78%
Europe Portugal
76%
Europe the Netherlands
74%
Europe Denmark
72%
Europe Sweden
72%
Europe Switzerland
71%
Europe Austria
68%
South America Uruguay
68%
Europe Finland
63%
South America Venezuela
60%
No matching quizzes found
Score Distribution
Percent of People with Each Score
Percentile by Number Answered
Your Score History
You have not taken this quiz